Online Catalogue and eLibrary

A Decade in Nepalese Women's Lives (1996-2006) (Record no. 5945)

MARC details
000 -LEADER
fixed length control field 00469nam a22001697a 4500
005 - DATE AND TIME OF LATEST TRANSACTION
control field 20241220024053.0
008 - FIXED-LENGTH DATA ELEMENTS--GENERAL INFORMATION
fixed length control field 241220b |||||||| |||| 00| 0 eng d
020 ## - INTERNATIONAL STANDARD BOOK NUMBER
ISBN 9789993352914
082 ## - DDC Classification
DDC Edition Number 5961
Class No. 305
Item Number - Author Mark IND
245 ## - TITLE STATEMENT
Title A Decade in Nepalese Women's Lives (1996-2006)
Remainder of title A Complication Research Abstracts)
260 ## - PUBLICATION, DISTRIBUTION, ETC.
Place of publication, distribution, etc. Kathmandu
Name of publisher, distributor, etc. Women's Studies Program
Date of publication, distribution, etc. 2007
300 ## - PHYSICAL DESCRIPTION
Extent (e.g. Volumes, Pages etc.) 142 p.,
650 ## - SUBJECT ADDED ENTRY--TOPICAL TERM
Topical term or geographic name entry element Women
650 ## - SUBJECT ADDED ENTRY--TOPICAL TERM
Topical term or geographic name entry element Nepal
700 ## - ADDED ENTRY--PERSONAL NAME
Personal name Sharma, I
Relator term (Role) Editor
942 ## - Koha item type (Biblio)
Koha item type Books in Stacks (Lending)
Holdings
Lost status Damaged status Collection code Home library Current library Date acquired Full call number Accession Number Item type
    Lending WERC Library WERC Library 12/20/2024 305 IND 5961 Books in Stacks (Lending)

© WERC Library